| 000 | 00783nam a2200253Ia 4500 | ||
|---|---|---|---|
| 003 | GCL | ||
| 008 | 140319s9999 xx 000 0 ara d | ||
| 040 |
_aGCL / _cGCL |
||
| 082 | 0 | 4 |
_aق _b962 _bر م |
| 100 | 1 | _aرؤوف عباس | |
| 245 | 1 | 0 |
_aمصر وعالم البحر المتوسط / _cرؤوف عباس |
| 260 |
_a[S.N] : _bدار الفكر للدراسات والنشر والتوزيع ، _c1986 |
||
| 300 | _a325 ص | ||
| 490 | _a | ||
| 650 | 0 | 4 | _aمصر |
| 650 | 0 | 4 | _aتاريخ |
| 650 | 0 | 4 | _aالاندلس |
| 650 | 0 | 4 | _aالدولة الفاطمية |
| 650 | 0 | 4 | _aالعلاقات الخارجية |
| 650 | 0 | 4 | _aالمماليك الجراكسة |
| 650 | 0 | 4 | _aالاسكندرية |
| 650 | 0 | 4 | _aالبحر الابيض المتوسط |
| 942 |
_2ddc _cBK |
||
| 999 |
_c52979 _d52979 |
||